Guess the YUNGBLUD song with no hints #2 - Statistics

General Stats
  • This quiz has been taken 25 times
  • The average score is 198 of 338
Answer Stats
Answer % Correct
a
95%
I
95%
you
95%
you,
95%
To
89%
to
89%
be
84%
love
84%
my
84%
My
84%
an
79%
We
79%
we
79%
your
79%
do
74%
Do
74%
it
74%
the
74%
and
68%
And
68%
can
68%
in
68%
all
63%
at
63%
but
63%
But
63%
can't
63%
I've
63%
was
63%
what
63%
been
58%
die
58%
die?
58%
eyes
58%
for
58%
I'm
58%
it's
58%
no
58%
one
58%
you'd
58%
about
53%
Dancin'
53%
dancing
53%
got
53%
I'll
53%
just
53%
tell
53%
that
53%
That
53%
that's
53%
too
53%
Well,
53%
well,
53%
with
53%
arrive
47%
came,
47%
day
47%
dream
47%
funeral
47%
hate
47%
leave
47%
look
47%
out
47%
Waitin'
47%
wanna
47%
want
47%
Want
47%
alright
42%
always
42%
beautiful
42%
blame
42%
eat
42%
hoping
42%
much
42%
myself,
42%
myself
42%
Nobody
42%
nobody
42%
shame,
42%
shame
42%
sleep
42%
surprise,
42%
tears
42%
there's
42%
up
42%
bed,
37%
bleed
37%
breathe
37%
cause
37%
clean
37%
clothes
37%
fake
37%
(Hey!)
37%
Hey!
37%
make
37%
oh-oh-oh
37%
Oh-oh-oh-oh,
37%
ourselves,
37%
ourselves
37%
put
37%
STD
37%
teeth
37%
till
37%
yourself?
37%
yourself
37%
fell
32%
fucked
32%
smile,
32%
smoke
32%
soul
32%
speak
32%
these
32%
before
26%
cheap
26%
dyed
26%
emotional,
26%
hair
26%
bite
21%
come
21%
fuckin'
21%
knees
21%
real
21%
scrape
21%
tongue
21%
until
21%
words
16%
obituary
11%
prove
11%
No matching quizzes found
Score Distribution
Percent of People with Each Score
Percentile by Number Answered
Your Score History
You have not taken this quiz